000 00608nam a2200169Ia 4500
003 GCL
008 140319s9999 xx 000 0 ara d
040 _aGCL /
_cGCL
082 0 4 _a410.92
_bم ش
100 1 _aمحمود ابراهيم الرضوانى
245 1 0 _aشيخ العربية وحامل لوائها ابوفهد محمود محمد شاكر بين الدرس الادبى والتحقيق /
_cمحمود ابراهيم الرضوانى
300 _a453 ص
490 _a100 قصة
_v0
650 0 4 _aاللغويون
650 0 4 _aابوفهد محمود محمد شاكر
942 _2ddc
_cBK
999 _c43979
_d43979